| 000 | 00394nam a2200169Ia 4500 | ||
|---|---|---|---|
| 008 | 210210b1948 xxu||||| |||| 00| 0 eng d | ||
| 041 | _aeng | ||
| 082 | _a824/333 | ||
| 100 | _aTHORNDIKE (R) | ||
| 245 | _aFootsteps of shakespeare | ||
| 260 |
_aLondon _bNot Mentioned _c1948 |
||
| 650 | _ashakespeare | ||
| 650 | _aof | ||
| 650 | _aFootsteps | ||
| 690 | _aEnglish Prose | ||
| 906 | _a014283 | ||
| 999 |
_c133438 _d133438 |
||